| 000 | 00763nam a22001577a 4500 | ||
|---|---|---|---|
| 003 | OSt | ||
| 005 | 20190311144115.0 | ||
| 008 | 190311b xxu||||| |||| 00| 0 eng d | ||
| 040 | _cRUA | ||
| 082 | _aAGR CHA 2007 B1.222 Or.1 | ||
| 100 |
_913487 _aCHAN PHIRUN,ចន្ច័ ភិរុណ |
||
| 245 | _aeffective of nutrient on the on the growth of wood ear at royal university of agរiculture,ឥទ្ធិពលនៃសារធាតុបន្ថែមទៅលើការដាំដុះលូតលាស់របស់ផ្សិតត្រចៀកកណ្តុលនៅសលកវិទ្យាល័យភូមិន្ទកសិកម្ម | ||
| 260 |
_aphnom phen _brua _c2007 |
||
| 300 |
_aix,52p; _bill; _c29cm; |
||
| 942 |
_2ddc _cAGR |
||
| 999 |
_c17825 _d17825 |
||